| 000 | 00575nam a2200181Ia 4500 | ||
|---|---|---|---|
| 008 | 100920s9999 xx 000 0 und d | ||
| 082 |
_b58263 _a330 थ 90 |
||
| 100 | _aDESAI S.S.M. | ||
| 245 | _aAGRICULTURE AND RURAL BANKING IN INDIA. | ||
| 260 |
_bHimalaya Publishing House, BOMBAY. _c1990 |
||
| 300 |
_a445 _bसाधी |
||
| 365 | _b150 | ||
| 520 | _aअर्थशास्त्र. | ||
| 630 | _aAGRICULTURE AND RURAL BANKING IN INDIA. | ||
| 650 | _aअर्थशास्त्र. | ||
| 730 | _aAGRICULTURE AND RURAL BANKING IN INDIA. | ||
| 942 | _cBOOK | ||
| 999 |
_c701980 _d701977 |
||